| 000 | 02131cam a22003378i 4500 | ||
|---|---|---|---|
| 001 | 21528406 | ||
| 003 | EG-ScBUE | ||
| 005 | 20220220132738.0 | ||
| 008 | 200513s2021 nju f b 001 0 eng d | ||
| 020 | _a9781119694526 | ||
| 040 |
_aDLC _beng _erda _cDLC _dEG-ScBUE |
||
| 082 | 0 | 4 |
_a624.176 _222 _bJER |
| 100 | 1 |
_aJerath, Sukhvarsh, _eauthor. |
|
| 245 | 1 | 0 |
_aStructural stability theory and practice : _bbuckling of columns, beams, plates, and shells / _cSukhvarsh Jerath, professor emeritus of civil engineering, University of North Dakota, Grand Forks, ND, USA. |
| 264 | 1 |
_aHoboken, NJ : _bWiley, _c2021. |
|
| 300 |
_axxiii, 642 pages ; _c24 cm. |
||
| 336 |
_atext _btxt _2rdacontent |
||
| 337 |
_aunmediated _bn _2rdamedia |
||
| 338 |
_avolume _bnc _2rdacarrier |
||
| 500 | _aIncludes Appendices. | ||
| 504 | _aIncludes bibliographical references and index. | ||
| 520 |
_a"Structures fail mainly due to material failure or because of structural instability. An understanding of structural stability is a special branch of engineering mechanics of importance to structural engineers whose job is to design safe structures. In a structure, a small change in load could cause a large change in displacement. If the change in displacement is large enough, instability could lead to a total collapse of the entire structure. The study of structural stability examines how a structure passes from a stable state to an unstable state, the stability of different structural members and systems, and how theory translates into design methods implemented in design specifications. All major international design specifications include provisions based on stability theory"-- _cProvided by publisher. |
||
| 650 | 7 |
_aBuckling (Mechanics) _2BUEsh |
|
| 653 |
_bGGEN _cFebruary2022 |
||
| 655 |
_vReading book _934232 |
||
| 776 | 0 | 8 |
_iOnline version: _aJerath, Sukhvarsh. _tStructural stability theory and practice _dHoboken : Wiley, 2020. _z9781119694502 _w(DLC) 2020020409 |
| 906 |
_a7 _bcbc _corignew _d1 _eecip _f20 _gy-gencatlg |
||
| 942 |
_2ddc _cBB |
||
| 999 |
_c29784 _d29755 |
||